Detalles MARC
| 000 -LEADER |
| longitud fija campo de control |
01931nam a22004577a 4500 |
| 003 - IDENTIFICADOR DE NUMERO DE CONTROL |
| control del campo |
AR-RoUNA |
| 005 - FECHA DE LA ULTIMA MODIFICACION |
| control del campo |
20250911114413.0 |
| 008 - CAMPO DE CONTROL - LIBROS |
| longitud fija campo de control |
250508b |||||||| |||| 00| 0 spa d |
| 020 ## - INTERNATIONAL STANDARD BOOK NUMBER |
| ISBN |
987-22621-3-6 |
| 040 ## - ORIGEN DE LA CATALOGACION |
| Agencia que cataloga la obra original |
AR-RoUNA |
| Idioma en que se cataloga |
spa |
| Entidad que modifico el registro |
AR-RoUNA |
| 041 ## - CODIGO DE IDIOMA |
| Codigo de idioma del texto / sonido o titulo separado |
spa |
| 044 ## - CODIGO DE PAIS / ENTIDAD PRODUCTORA |
| Codigo MARC del pais |
ag |
| 100 ## - ASIENTO PRINCIPAL - NOMBRE PERSONAL |
| Nombre personal |
Loomis, Andrew |
| 9 (RLIN) |
27133 |
| 245 13 - TITULO PROPIAMENTE DICHO |
| Titulo |
El dibujo de figura en todo su valor / |
| Mencion de responsabilidad, etc |
Andrew Loomis |
| 250 ## - MENCION DE EDICION |
| Edicion declarada |
1a. ed. |
| 260 ## - EDITORIAL - PUBLICACION, DISTRIBUCION, ETC. (Pie de imprenta) |
| Lugar de publicacion, distribucion, etc |
Buenos Aires : |
| Nombre del editor, distribuidor, etc |
Lancelot, |
| Fecha de publicacion |
2005. |
| 300 ## - DESCRIPCION FISICA |
| Extension |
208 p.: |
| Otros detalles fisicos |
dib., |
| Dimensiones |
30x22 cm |
| 505 0# - NOTA DE CONTENIDO CON FORMATO |
| Título |
INDICE |
| 505 0# - NOTA DE CONTENIDO CON FORMATO |
| Título |
CHARLA PRELIMINAR. p.15 |
| 505 0# - NOTA DE CONTENIDO CON FORMATO |
| Título |
I- INTRODUCCION AL DIBUJO DE FIGURA. p.21 |
| 505 0# - NOTA DE CONTENIDO CON FORMATO |
| Título |
II- HUESOS Y MUSCULOS. p.57 |
| 505 0# - NOTA DE CONTENIDO CON FORMATO |
| Título |
III- EMBLOCAMIENTO DE FORMAS, PLANOS, ESCORZAMIENTO E ILUMINACION. p.68 |
| 505 0# - NOTA DE CONTENIDO CON FORMATO |
| Título |
IV- DIBUJANDO LA FIGURA VIVA: METODOS DE PRECESAMIENTO. p.82 |
| 505 0# - NOTA DE CONTENIDO CON FORMATO |
| Título |
V- LA FIGURA DE PIE. p.91 |
| 505 0# - NOTA DE CONTENIDO CON FORMATO |
| Título |
VI- LA FIGURA EN ACCION: GIROS Y CONTORSIONES. p.103 |
| 505 0# - NOTA DE CONTENIDO CON FORMATO |
| Título |
VII- MOVIMIENTO DE AVANCE: LA LINEA DE EQUILIBRIO INCLINADA. p.115 |
| 505 0# - NOTA DE CONTENIDO CON FORMATO |
| Título |
VIII- EQUILIBRIO, RITMO, EJECUCION. p.129 |
| 505 0# - NOTA DE CONTENIDO CON FORMATO |
| Título |
IX- LA FIGURA ARRODILLADA, AGACHADA Y SENTADA. p.145 |
| 505 0# - NOTA DE CONTENIDO CON FORMATO |
| Título |
X- LA FIGURA RECLINADA. p.159 |
| 505 0# - NOTA DE CONTENIDO CON FORMATO |
| Título |
XI- LA CABEZA, MANOS Y PIES. p.171 |
| 505 0# - NOTA DE CONTENIDO CON FORMATO |
| Título |
XII- LA FIGURA COMPLETA CON INDUMENTARIA ESPECIAL. p.189 |
| 520 0# - NOTA DE RESUMEN |
| Nota de resumen, etc. |
"El Dibujo de Figura en Todo su Valor" de Andrew Loomis, es un documento de referencia para artistas y estudiantes de arte que buscan mejorar sus habilidades en el dibujo de figuras humanas. El libro explora los principios fundamentales de la construcción de figuras, incluyendo proporciones, perspectiva, anatomía y composición. |
| 650 4# - MATERIA - TERMINO TEMATICO |
| Término temático general |
Dibujos |
| Subdivisión de formulario |
Ilustraciones |
| 650 4# - MATERIA - TERMINO TEMATICO |
| Término temático general |
Figuras humanas |
| 650 4# - MATERIA - TERMINO TEMATICO |
| Término temático general |
Expresionismo |
| 908 ## - SOPORTE |
| Soporte |
Imp |
| 930 ## - ACCESION |
| Numero de accesion (NR) |
12196 |
| 942 ## - FUENTE DE CLASIFICACION |
| Clasificacion |
Dewey Decimal Classification |
| Tipo de item |
Libro |
| 945 ## - INFORMACION DE PROCESAMIENTO |
| Fecha de ingreso o modificacion |
2025-05-08 |
| 980 ## - DECLARACIÓN DE EQUIVALENCIA O SERIE DE REFERENCIA CRUZADA - NOMBRE / TÍTULO PERSONAL [LOCAL, CANADÁ] |
| Código del operador |
5 |
| Nombre del operador |
María Machado |
| Código del operador que modifico el registro |
5 |
| Nombre del operador que modifico el registro |
María Machado |